| 000 | 00433cam a2200169ua 4500 | ||
|---|---|---|---|
| 020 | _c225.00 | ||
| 041 |
_aeng _h |
||
| 082 |
_a658.5 _bAHU/IN |
||
| 100 | _aAhuja, K K . | ||
| 245 |
_aIndustrial management and organisational behaviour / _cK K Ahuja. _hTextual Documents |
||
| 260 |
_aDelhi : _bKhanna publishers , _c2001. |
||
| 300 | _a967 ; . | ||
| 365 | _a225.00 | ||
| 504 | _a | ||
| 942 | _cBK | ||
| 999 |
_c13329 _d13329 |
||